Reframing organizations: artistry, choice, and leadership
I tiakina i:
| Ngā kaituhi matua: | , |
|---|---|
| Hōputu: | Pukapuka |
| Reo: | Ingarihi |
| I whakaputaina: |
San Francisco
Jossey-Bass
1991
|
| Ngā marau: | |
| Ngā Tūtohu: |
Tāpirihia he Tūtohu
Kāore He Tūtohu, Me noho koe te mea tuatahi ki te tūtohu i tēnei pūkete!
|
MARC
| LEADER | 00000nam a2200000 a 4500 | ||
|---|---|---|---|
| 001 | UCG0313 | ||
| 003 | CL-VaPUC | ||
| 008 | 100318e19910000US |||||||||||||||||eng|d | ||
| 020 | |a 1555422993 | ||
| 082 | 0 | 4 | |a 658.4063 |b BOL |2 21 |
| 100 | 0 | |a Bolman, Lee G |e author |9 547690 | |
| 700 | 0 | |a Deal, Terrence E |e author |9 547691 | |
| 245 | 1 | 0 | |a Reframing organizations: artistry, choice, and leadership |
| 300 | |a 492 p | ||
| 942 | |c BK | ||
| 945 | |d 20100318 00:00:00 |a rbrito | ||
| 260 | |a San Francisco |b Jossey-Bass |c 1991 | ||
| 650 | 0 | |a Gestión administrativa |9 375217 | |
| 650 | 0 | |a Organización |9 256369 | |
| 650 | 0 | |a Liderazgo |9 271835 | |
| 583 | |a last modification |c 20121214 09:54:46 |k Rodrigo Vera | ||
| 999 | |c 339988 |d 339986 | ||
| 952 | |0 0 |1 0 |4 0 |6 658_406300000000000_BOL_1991 |7 0 |8 P |9 434290 |a BIBEDU |b BIBEDU |c BIBEDU_PB |d 2019-11-22 |i 4644042 |o 658.4063 BOL 1991 |p 4644042 |r 2024-01-25 |w 2019-11-22 |y BK |k EDU | ||